Assessment of Beddown Alternatives for the F-35 (Record no. 351775)
[ view plain ]
| 000 -LEADER | |
|---|---|
| fixed length control field | 00717nam a2200133Ia 4500 |
| 008 - FIXED-LENGTH DATA ELEMENTS--GENERAL INFORMATION | |
| fixed length control field | 171212s9999 xx 000 0 und d |
| 020 ## - INTERNATIONAL STANDARD BOOK NUMBER | |
| International Standard Book Number | 9780833078070 |
| 100 ## - MAIN ENTRY--PERSONAL NAME | |
| Personal name | McGarvey, Ronald G.;Bigelow, James H.;Briggs, Gary James;Buryk, Peter;Conley, Raymond E. |
| 245 ## - TITLE STATEMENT | |
| Statement of responsibility, etc | McGarvey, Ronald G.;Bigelow, James H.;Briggs, Gary James;Buryk, Peter;Conley, Raymond E. |
| Title | Assessment of Beddown Alternatives for the F-35 |
| 260 ## - PUBLICATION, DISTRIBUTION, ETC. (IMPRINT) | |
| Name of publisher, distributor, etc | RAND Corporation |
| Date of publication, distribution, etc | 2013 |
| 650 ## - SUBJECT ADDED ENTRY--TOPICAL TERM | |
| Topical term or geographic name as entry element | F-35 (Jet fighter plane) -- Cost control; United States. Air Force -- Reorganization; United States. Air Force -- Appropriations and expenditures |
| 650 ## - SUBJECT ADDED ENTRY--TOPICAL TERM | |
| Topical term or geographic name as entry element | Management & Organizational Behavior |
| 856 ## - ELECTRONIC LOCATION AND ACCESS | |
| Uniform Resource Identifier | <a href="http://www.jstor.org/stable/10.7249/j.ctt5hhvvt">http://www.jstor.org/stable/10.7249/j.ctt5hhvvt</a> |
| Withdrawn status | Lost status | Damaged status | Home library | Current library | Date acquired | Total Checkouts | Full call number | Date last seen | Price effective from | Koha item type |
|---|---|---|---|---|---|---|---|---|---|---|
| College Library | College Library | 12/12/2017 | UG1242.F5M397 2013 | 12/12/2017 | 12/12/2017 | Curriculum - Based eBooks |